Devlet millet güç birliği anlayışı (Record no. 5368)

MARC details
000 -BAŞLIK
Sabit Uzunlukta Kontrol Alanı 00554na a2200205 4500
001 - KONTROL NUMARASI
Denetim Alanı 18379
003 - KONTROL NUMARASI IDENTIFIER
Denetim Alanı MIRAKIL
005 - SON İŞLEM TARİHİ VE ZAMANI
Denetim Alanı 20181213155034.0
008 - SABİT-BOY VERİ ELEMANLARI - GENEL BİLGİLER
Sabit Uzunlukta Kontrol Alanı 161117b tu 000 0
040 ## - KATALOGLAMA KAYNAK
Orijinal Kataloglama Ajansı Milas
Kataloglama Dili tur
Metne Dönüştürmek Ajansı TR-AnCHP
041 ## - DİL KODU
Metin / Ses Parça Veya Ayrı Başlığın Dil Kodu tur
082 ## - DEWEY ONLU SINIFLANDIRMA NUMARASI
Sınıflandırma Numarası 320.101
Ürün Numarası Ç34 2012
090 ## - SINIFLAMA NUMARASI
Sınıflama Numarası 320.101 Ç34 2012
100 ## - ANA GİRİŞ - KİŞİSEL İSİM
Kişisel Ad Çelik, Hüseyin
245 ## - BAŞLIK TABLOSU
Başlık Devlet millet güç birliği anlayışı
Sorumluluk Tablosu, Vb Hüseyin Çelik
260 ## - YAYIN, DAĞITIM, VB
Yayın, Dağıtım, Vb Yeri Çorlu
Yayıncı, Dağıtıcı, Vs Adı [yayl. y.]
Yayın, Dağıtım, Vb Tarihi 2012
300 ## - FİZİKSEL TANIM
Kapsam 216 s.
Boyutlar 20 sm.
650 ## - KONU KATMA GİRİŞ - TOPİKAL DÖNEM
Topikal Süreli Veya Coğrafi Ad Giriş Elemanı Devlet
Genel Alt Bölümü Felsefe ve kuram
Coğrafi Alt Bölümü Türkiye
942 ## - EKLENDİ GİRİŞ ELEMANLARI (KOHA)
Sınıflandırma Veya Raf Düzeni Kaynak Dewey Decimal Classification
Koha Öğesi Türü Books
999 ## - SİSTEM KONTROL NUMARALARI (KOHA)
Koha Biblionumber 5368
Koha Biblioitemnumber 5368
Holdings
Kalıcı Konum Mevcut Konum Edinme Tarihi Edinim Kaynak Toplam Check-Out'Lar Tam Çağrı Numarası Barkod Tarih Son Görülme İtibaren Geçerli Fiyatlar Koha Öğesi Türü
CHP Kütüphanesi CHP Kütüphanesi 11/17/2016 Bağış   320.101 Ç34 2012 009528 11/17/2016 11/17/2016 Books